000 00683nam a2200241Ia 4500
003 BUBTL
008 151213s9999 xx 000 0 und d
020 _a98484660130
041 _aEnglish
082 _a347/ M5803c/ 2001
100 _aSiddiqur Rahman Miah
_95358
245 _aCommentary on Civil Rules of Orders (volume-i) /
_cSiddiqur Rahman Miah
250 _a1st edn.
260 _aDhaka
_bNew Waris Book Corporation
_cc2001
300 _a[xvi], 560p . :
_b23cm.
526 _aLaw
650 _aLaw
_94068
650 _aLaw
_94068
700 _aSiddiqur Rahman Miah
_95358
856 _k0
_l0
_yDownload
942 _2ddc
_cBK
999 _c2211
_d2211